000 00480nam a22001697a 4500
008 151009b xxu||||| |||| 00| 0 eng d
020 _a0395607981
041 0 _aeng
080 _a658:004
100 1 _aOber, Scot,
245 1 0 _aContemporary business communication /
_cScot Ober.
260 _aBoston :
_bHoughton Mifflin Company,
_c1992.
300 _axx, 680 f. :
_bme il.;
_c29 cm.
650 0 _aKomunikim i biznesit
650 0 _aKomunikimi në organizatë
942 _2udc
_cBK
999 _c1245
_d1245